Adobe Photoshop 7 : Uživatelská příručka

Guardado en:
Detalles Bibliográficos
Autor principal: Vlach, Martin (Autor)
Formato: Libro
Lenguaje:checo
Publicado: Praha : Computer Press, 2002
Materias:
Etiquetas: Agregar Etiqueta
Sin Etiquetas, Sea el primero en etiquetar este registro!

MARC

LEADER 00000nam a22000003a 4500
001 stu91020
005 20150617225624.7
008 041014s2002----xr------------------cze-d
020 |a 80-7226-791-4 
040 |a STU  |b slo 
041 0 |a cze 
044 |a xr 
080 |a 681.32.06 ADOBE PHOTOSHOP 
080 |a 519.68 
084 |a C5530  |2 INS  |7 stu_us_auth*stu6250 
084 |a C6130B  |2 INS 
084 |a C6180G  |2 INS  |7 stu_us_auth*stu15346 
100 1 |a Vlach, Martin  |4 aut 
245 1 |a Adobe Photoshop 7 :  |b Uživatelská příručka 
260 |a Praha :  |b Computer Press,  |c 2002 
300 |a 368 s 
650 7 |a programové systémy  |2 stusub 
650 7 |a počítačové programy  |2 stusub 
650 7 |a spracovanie obrazu  |2 stusub 
996 |b 284EK85351  |c E*85351  |l EE11  |s P  |a 0  |w stu91020_0001 
996 |b 284EK85352  |c E*85352  |l EE11  |s P  |a 0  |w stu91020_0002